| 000 | 00337nam a2200121Ia 4500 | ||
|---|---|---|---|
| 008 | 190216s9999||||xx |||||||||||||| ||und|| | ||
| 100 | _aMehrotra R C&Amp; Singh A | ||
| 245 | 0 | _aOrganometalic Chemistry A Unified Approch | |
| 260 |
_bNew Age International Publishers _c2000 |
||
| 300 | _a618p | ||
| 650 | _aChemistry-Chemistry | ||
| 942 | _cBK | ||
| 999 |
_c3000 _d3000 |
||